| 000 | 003430000a22001450004500 | ||
|---|---|---|---|
| 003 | MACL | ||
| 040 | _aMACL | ||
| 090 |
_c41277 _d41275 |
||
| 100 | _aSinha, P K | ||
| 245 |
_aComputer Fundamentals _bConcepts Systems and Applications |
||
| 260 |
_bBPB Publications _c1992 |
||
| 350 | _a99 | ||
| 650 | _aComputer Science | ||
| 942 |
_cRBKS _k004/SIN |
||
| 999 |
_c40836 _d40836 |
||